<?xml version="1.0" encoding="UTF-8"?>
<marc:record xmlns:marc="http://www.loc.gov/MARC21/slim">
   <marc:leader>00000nam a2200000 a 4500</marc:leader>
   <marc:datafield ind1=" " ind2=" " tag="653">
      <marc:subfield code="a">Aktivismus</marc:subfield>
   </marc:datafield>
   <marc:datafield ind1=" " ind2=" " tag="653">
      <marc:subfield code="a">IT-Sicherheit</marc:subfield>
   </marc:datafield>
   <marc:datafield ind1=" " ind2=" " tag="653">
      <marc:subfield code="a">Internet</marc:subfield>
   </marc:datafield>
   <marc:datafield ind1=" " ind2=" " tag="653">
      <marc:subfield code="a">Hacker</marc:subfield>
   </marc:datafield>
   <marc:datafield ind1=" " ind2=" " tag="653">
      <marc:subfield code="a">Internetkriminalität</marc:subfield>
   </marc:datafield>
   <marc:datafield ind1=" " ind2=" " tag="653">
      <marc:subfield code="a">Programmierung</marc:subfield>
   </marc:datafield>
   <marc:datafield ind1="0" ind2="0" tag="245">
      <marc:subfield code="a">Hackbibel 3</marc:subfield>
   </marc:datafield>
   <marc:datafield ind1="0" ind2="0" tag="245">
      <marc:subfield code="c">Herausgeber: Chaos Computer Club</marc:subfield>
   </marc:datafield>
   <marc:datafield ind1=" " ind2="1" tag="264">
      <marc:subfield code="a">[Erscheinungsort nicht ermittelbar]</marc:subfield>
   </marc:datafield>
   <marc:datafield ind1=" " ind2=" " tag="250">
      <marc:subfield code="a">Erste Auflage</marc:subfield>
   </marc:datafield>
   <marc:datafield ind1="1" ind2=" " tag="520">
      <marc:subfield code="a">Lange erwartet und nun endlich da &#x96; die Hackbibel 3. Sie führt die Tradition der beiden Hackerbibeln aus den Achtzigerjahren fort und erzählt Geschichten des Chaos Computer Clubs e. V. und der Hacker*innenkulturen. Seit seiner Gründung im Jahre 1981 hat sich der CCC stets in politisch-technische Debatten eingemischt und diese entscheidend mitgeprägt. In diesen 40 Jahren ist viel passiert: Die Wiedervereinigung brachte Computerkulturen aus Ost und West zusammen, der Chaos Communication Congress ist riesig geworden, die Piratenpartei ist auf- und niedergegangen und auch feministische Hack-Gruppen bildeten sich heraus. Die Hacker*innen programmierten nicht nur sichere Kommunikationswege und freizugängliche Software oder hackten Fingerabdrücke, Wahlcomputer, RFID-Chips und vieles mehr. Sie gingen auch auf die Straße und in Schulen, verteidigten freiheitliche und demokratische Grundwerte in Parlamenten und vor dem Bundesverfassungsgericht. Die Hackbibel 3 bietet Einblicke in Hacktivismus und Aktivismus, Recht und und zeigt eine vielfältige, diverse Kultur, die Spaß am Gerät, an Basteleien und dazu auch noch extrem viel Witz hat.</marc:subfield>
   </marc:datafield>
   <marc:datafield ind1=" " ind2=" " tag="020">
      <marc:subfield code="a">9783948923822</marc:subfield>
      <marc:subfield code="9">9783948923822</marc:subfield>
   </marc:datafield>
   <marc:datafield ind1=" " ind2=" " tag="020">
      <marc:subfield code="a">3948923825</marc:subfield>
      <marc:subfield code="9">3948923825</marc:subfield>
   </marc:datafield>
   <marc:datafield ind1=" " ind2=" " tag="041">
      <marc:subfield code="a">ger</marc:subfield>
   </marc:datafield>
   <marc:datafield ind1=" " ind2=" " tag="300">
      <marc:subfield code="a">200 Seiten, Illustrationen</marc:subfield>
   </marc:datafield>
</marc:record>
